Estadística matemática con aplicaciones / (Registro nro. 54819)

Detalles MARC
000 -LEADER
campo de control de longitud fija 03858cam a22006974i 4500
001 - NÚMERO DE CONTROL
campo de control u52211
003 - IDENTIFICADOR DE NÚMERO DE CONTROL
campo de control PE-LiUPU
005 - FECHA Y HORA DE LA ÚLTIMA TRANSACCIÓN
campo de control 20250731180149.0
008 - DATOS DE LONGITUD FIJA--INFORMACIÓN GENERAL
campo de control de longitud fija 150706s2002 mx a r 001 0 spa d
020 ## - NÚMERO INTERNACIONAL ESTÁNDAR DEL LIBRO
Número Internacional Estándar del Libro 9706861947
035 ## - NÚMERO DE CONTROL DEL SISTEMA
Número de control de sistema (Sirsi) i9789706861948
040 ## - FUENTE DE CATALOGACIÓN
Centro catalogador/agencia de origen PE-LiUPU
Lengua de catalogación spa
Centro/agencia transcriptor PE-LiUPU
Normas de descripción rda
049 ## - FONDOS LOCALES (OCLC)
Biblioteca depositaria PRUA
082 04 - NÚMERO DE LA CLASIFICACIÓN DECIMAL DEWEY
Número de clasificación 519.5
Cutter W14
Número de edición 21
100 1# - ENTRADA PRINCIPAL--NOMBRE DE PERSONA
Nombre de persona Wackerly, Dennis D.,
Fechas asociadas al nombre 1945- ,
Término indicativo de función/relación autor.
245 10 - MENCIÓN DEL TÍTULO
Título Estadística matemática con aplicaciones /
Mención de responsabilidad, etc. Dennis D. Wackerly, William Mendenhall III y Richard L. Scheaffer.
250 ## - MENCION DE EDICION
Mención de edición 6a ed.
264 #1 - PRODUCCIÓN, PUBLICACIÓN, DISTRIBUCIÓN, FABRICACIÓN Y COPYRIGHT
Producción, publicación, distribución, fabricación y copyright México, D.F. :
Nombre del de productor, editor, distribuidor, fabricante THOMSON,
Fecha de producción, publicación, distribución, fabricación o copyright 2002.
300 ## - DESCRIPCIÓN FÍSICA
Extensión xvi, 853 páginas :
Otras características físicas ilustraciones ;
Dimensiones 25 cm.
336 ## - TIPO DE CONTENIDO
Término de tipo de contenido text
Fuente rdacontent
337 ## - TIPO DE MEDIO
Nombre/término del tipo de medio unmediated
Fuente rdamedia
338 ## - TIPO DE SOPORTE
Nombre/término del tipo de soporte volume
Fuente rdacarrier
500 ## - NOTA GENERAL
Nota general Título original: [Mathematical statistics with applications.].
504 ## - NOTA DE BIBLIOGRAFÍA, ETC.
Nota de bibliografía, etc. Incluye referencias bibliográficas e índice.
505 0# - NOTA DE CONTENIDO CON FORMATO
Nota de contenido con formato ¿Qué es la estadística? -- Probabilidad -- Variables aleatorias discretas y sus distribuciones de probabilidad -- Variables aleatorias continuas y sus distribuciones de probabilidad -- Distribuciones de probabilidad multivariables -- Funciones de variables aleatorias -- Distribuciones muestrales y el teorema del límite central -- Estimación -- Propiedades de los estimadores puntuales y métodos de estimación -- Pruebas de hipótesis -- Modelos lineales y estimación mediante mínimos cuadrados -- Consideración sobre el diseño de experimentos -- Análisis de varianza -- Análisis de datos categóricos -- Estadística no paramétrica -- Matrices y otros resultados matemáticos útiles -- Distribuciones de probabilidad, medias, varianzas y funciones generadoras de momentos comunes -- Tablas.
526 ## - NOTA DE INFORMACIÓN SOBRE EL PROGRAMA DE ESTUDIO
Nombre del programa Segunda Especialidad En Estadística Aplicada Para Investigación (A Distancia)
526 ## - NOTA DE INFORMACIÓN SOBRE EL PROGRAMA DE ESTUDIO
Nombre del programa Segunda Especialidad En Estadística Aplicada Para Investigación
526 ## - NOTA DE INFORMACIÓN SOBRE EL PROGRAMA DE ESTUDIO
Nombre del programa Odontología
526 ## - NOTA DE INFORMACIÓN SOBRE EL PROGRAMA DE ESTUDIO
Nombre del programa Tecnología Médica En Terapia Física Y Rehabilitación (A Distancia)
526 ## - NOTA DE INFORMACIÓN SOBRE EL PROGRAMA DE ESTUDIO
Nombre del programa Tecnología Médica En Terapia Física Y Rehabilitación (Semipresencial)
526 ## - NOTA DE INFORMACIÓN SOBRE EL PROGRAMA DE ESTUDIO
Nombre del programa Tecnología Médica En Laboratorio Clínico Y Anatomía Patológica
526 ## - NOTA DE INFORMACIÓN SOBRE EL PROGRAMA DE ESTUDIO
Nombre del programa Ingeniería De Ciencia De Datos E Inteligencia Artificial
526 ## - NOTA DE INFORMACIÓN SOBRE EL PROGRAMA DE ESTUDIO
Nombre del programa Ingeniería Ambiental (Semipresencial)
526 ## - NOTA DE INFORMACIÓN SOBRE EL PROGRAMA DE ESTUDIO
Nombre del programa Nutrición humana
526 ## - NOTA DE INFORMACIÓN SOBRE EL PROGRAMA DE ESTUDIO
Nombre del programa Medicina humana
526 ## - NOTA DE INFORMACIÓN SOBRE EL PROGRAMA DE ESTUDIO
Nombre del programa Ingeniería de industrias alimentarias
526 ## - NOTA DE INFORMACIÓN SOBRE EL PROGRAMA DE ESTUDIO
Nombre del programa Ingeniería civil
526 ## - NOTA DE INFORMACIÓN SOBRE EL PROGRAMA DE ESTUDIO
Nombre del programa Ingeniería ambiental
526 ## - NOTA DE INFORMACIÓN SOBRE EL PROGRAMA DE ESTUDIO
Nombre del programa Enfermería
526 ## - NOTA DE INFORMACIÓN SOBRE EL PROGRAMA DE ESTUDIO
Nombre del programa Educación secundaria, especialidad matemática e informática
526 ## - NOTA DE INFORMACIÓN SOBRE EL PROGRAMA DE ESTUDIO
Nombre del programa Educación secundaria, especialidad ambiental, biología y química
541 ## - NOTA DE FUENTE DE ADQUISICIÓN DIRECTA
-- 015-0015322;
596 ## -
-- 1 2
650 04 - PUNTO DE ACCESO ADICIONAL DE MATERIA--TÉRMINO DE MATERIA
Término de materia o nombre geográfico como elemento de entrada Estadística matemática
Subdivisión de forma Problemas, ejercicios, etc.
650 04 - PUNTO DE ACCESO ADICIONAL DE MATERIA--TÉRMINO DE MATERIA
Término de materia o nombre geográfico como elemento de entrada Probabilidades
Subdivisión de forma Libros de texto.
650 04 - PUNTO DE ACCESO ADICIONAL DE MATERIA--TÉRMINO DE MATERIA
Término de materia o nombre geográfico como elemento de entrada Variables aleatorias
Subdivisión de forma Problemas, ejercicios, etc.
700 1# - ENTRADA AGREGADA--NOMBRE PERSONAL
Nombre de persona Mendenhall III, William,
Término indicativo de función/relación coaut
700 1# - ENTRADA AGREGADA--NOMBRE PERSONAL
Nombre de persona Scheaffer, Richard L.,
Término indicativo de función/relación autor.
910 ## - DATOS DE OPCIÓN DEL USUARIO (OCLC)
-- bd
-- 20120522
910 ## - DATOS DE OPCIÓN DEL USUARIO (OCLC)
-- dgt
942 ## - ELEMENTOS DE ENTRADA SECUNDARIOS (KOHA)
Fuente del sistema de clasificación o colocación Clasificación Decimal Dewey
Tipo de ítem Koha
994 ## -
-- C0
-- PEPRU
949 ## - PROCESAMIENTO DE INFORMACIÓN LOCAL (OCLC)
a 519.2 W11
w DEWEY
c 1
i FT00577
l CCODEBUT1
m BUT
p 55.00
r 0
s Y
t BOOK
u 2016-3-3
x INGENIERIA
z UNKNOWN
0 COMPRA
o .CIRCNOTE. este documento es muy costoso
-- .STAFF. Colección General
949 ## - PROCESAMIENTO DE INFORMACIÓN LOCAL (OCLC)
a 519.2 W11
w DEWEY
c 2
i FT00576
l CCODEBUT1
m BUT
p 55.00
r 0
s Y
t BOOK
u 2016-3-3
x BIBLIOTECA
z UNKNOWN
0 COMPRA
o .CIRCNOTE. ]Este documento es muy costoso
-- .STAFF. Colección General
949 ## - PROCESAMIENTO DE INFORMACIÓN LOCAL (OCLC)
a 519.5 W14
w DEWEY
c 1
i 67229
d 2016-8-11
e 2016-8-11
f 2018-2-9
g 4
l FIA2
m BUL
n 6
p 50.00
r 0
s Y
t BOOK
u 2015-7-6
x INGENIERIA
z UNKNOWN
0 COMPRA
o .STAFF. Colección General
999 ## - NÚMEROS DE CONTROL DE SISTEMA (KOHA)
-- DEWEY
-- 67229
-- 2016-8-11
-- 2021-11-5
-- 7
-- CCODEBUL1
-- BUL
-- 6
-- 50.00
-- 1
-- 0
-- N
-- BOOK
-- 2015-7-6
-- BIBLIOTECA
-- UNKNOWN
-- COMPRA
-- .STAFF. Colección General
999 ## - NÚMEROS DE CONTROL DE SISTEMA (KOHA)
-- DEWEY
-- FT00577
-- 2019-2-20
-- 1
-- CCODEBUT1
-- BUT
-- 55.00
-- 0
-- Y
-- BOOK
-- 2016-3-3
-- INGENIERIA
-- UNKNOWN
-- COMPRA
-- .CIRCNOTE. este documento es muy costoso
-- .STAFF. Colección General
999 ## - NÚMEROS DE CONTROL DE SISTEMA (KOHA)
-- DEWEY
-- FT00576
-- 2018-10-22
-- 2019-2-20
-- 1
-- CCODEBUT1
-- BUT
-- 1
-- 55.00
-- 0
-- Y
-- BOOK
-- 2016-3-3
-- BIBLIOTECA
-- UNKNOWN
-- COMPRA
-- .CIRCNOTE. ]Este documento es muy costoso
-- .STAFF. Colección General
980 ## - EQUIVALENCIA O REFERENCIA-CRUZADA-MENCIÓN DE SERIE--NOMBRE DE PERSONA/TÍTULO [LOCAL, CANADÁ]
ID del último usuario que modificó el registro 1
Nombre del último usuario que modificó el registro ALBERTO SANCHEZ Responsable de Automatización
Existencias
Visto por última vez Número de inventario Total de préstamos Signatura topográfica completa Código de barras Fecha del último préstamo Copia número Coste, precio de reemplazo Fecha de reemplazo Facultad Tipo de ítem Koha Nota pública Estado de pérdida Fuente del sistema de clasificación o colocación Restricciones de uso No para préstamo Colección Programa académico Biblioteca de origen Biblioteca actual Ubicación en estantería Fecha de adquisición Fuente de adquisición Coste, precio normal de compra
2025-12-02 8 6 519.5 W14 67229 2016-08-11 e1 55.00 2015-07-06 FACIHED Libros físicos inventario-2023-12-13 No Perdido Clasificación Decimal Dewey No restringido Disponible para préstamos Colección General Educación secundaria, especialidad matemática e informática Biblioteca CRAI UPeU Lima Biblioteca CRAI UPeU Lima Sala principal 2015-07-06 COMPRA 50.00